000 00787nam a22001937a 4500
005 20220805090715.0
008 220804s2014 mx ||||f |||| 00| 0 spa d
020 _a978-607-7673-37-8
040 _cCHAP
_erda
082 _222
_a712.6097248
_bA72
245 _aArquitectura regional :
_bla hacienda poblana y su potencial turístico de desarrollo local /
_ccoordinado por Gonzalo Yanes Díaz y Serafín Ríos Elorza
264 1 _aTlaxcala, México :
_bEl Colegio de Tlaxcala,
_c2014.
300 _a237 páginas :
_bmapas, cuadros, figuras, fotografías.
650 0 _9185321
_aHaciendas
_zPuebla
_xHistoria
650 0 _9185322
_aArquitectura
_zPuebla
700 0 _9122975
_aYanes Díaz, Gonzalo
_ecoordinador.
700 _9175376
_aRíos Elorza, Serafín
_ecoordinador
942 _2ddc
_cLIBRO
999 _c217547
_d217547